000
00249nam a2200097Ia 4500
008
220203s9999 xx 000 0 und d
245
0
_a
Rubber Tapping
260
_b
Rubber Research Institute of India
_a
Kottayam
_c
2009
650
_a
Tapping
942
_c
PN
999
_c
45178
_d
45178